[Event "SVK-ch U14 Girls"]
[Site "Liptovsky Mikulas"]
[Date "2019.04.25"]
[Round "4"]
[White "Rachelova, Diana"]
[Black "Bujnova, Karolina"]
[Result "1/2-1/2"]
[WhiteElo "1000"]
[BlackElo "1177"]
[PlyCount "21"]
[EventDate "2019.04.23"]
[EventType "swiss"]
[EventRounds "9"]
[EventCountry "SVK"]
[SourceTitle "CBM 190 Extra"]
[Source "ChessBase"]
[SourceDate "2019.07.15"]
[SourceVersion "1"]
[SourceVersionDate "2019.07.15"]
[SourceQuality "1"]

1. e4 e5 2. Nf3 Nc6 3. Nc3 Nf6 4. Bc4 h6 5. 0-0 Bb4 6. a3 Bxc3 7. bxc3 0-0 8. Rb1 d6 9. d3 Qe7 10. Nh4 Be6 11. Be3 1/2-1/2

[Event "SVK-ch U14 Girls"]
[Site "Liptovsky Mikulas"]
[Date "2019.04.23"]
[Round "1"]
[White "Bujnova, Karolina"]
[Black "Fajtakova, Silvia"]
[Result "0-1"]
[WhiteElo "1177"]
[BlackElo "1481"]
[PlyCount "106"]
[EventDate "2019.04.23"]
[EventType "swiss"]
[EventRounds "9"]
[EventCountry "SVK"]
[SourceTitle "CBM 190 Extra"]
[Source "ChessBase"]
[SourceDate "2019.07.15"]
[SourceVersion "1"]
[SourceVersionDate "2019.07.15"]
[SourceQuality "1"]

1. e4 e5 2. Nf3 f5 3. exf5 d6 4. Bd3 Nf6 5. Bc4 Bxf5 6. d3 Qd7 7. 0-0 Nc6 8. Bb5 0-0-0 9. Bg5 Be7 10. Qd2 h6 11. Bxf6 Bxf6 12. Nc3 Bg5 13. Qe2 Bf6 14. a3 g5 15. Nd2 g4 16. Bxc6 Qxc6 17. Qe3 Kb8 18. b4 Bg5 19. Qe2 Qxc3 20. Ne4 Bxe4 21. dxe4 h5 22. Qd3 Qxd3 23. cxd3 h4 24. g3 hxg3 25. fxg3 Be3+ 26. Kg2 Rhf8 27. h3 gxh3+ 28. Kxh3 Rg8 29. Rfe1 Bf2 30. Rf1 Bxg3 31. Rg1 Bf4 32. Rxg8 Rxg8 33. Rf1 Rg3+ 34. Kh4 Rxd3 35. Rg1 a6 36. Rg8+ Ka7 37. Rg7 Kb6 38. Kg4 Rg3+ 39. Kf5 Rxg7 40. Ke6 c5 41. Kxd6 cxb4 42. axb4 Kb5 43. Kd5 Kxb4 44. Ke6 a5 45. Kf6 Rg5 46. Ke6 a4 47. Kd6 a3 48. Kc7 a2 49. Kxb7 Rg6 50. Ka7 a1Q+ 51. Kb7 Qa6+ 52. Kc7 Rg7+ 53. Kb8 Qb7# 0-1

[Event "SVK-ch U10 Girls"]
[Site "Liptovsky Mikulas"]
[Date "2016.04.23"]
[Round "9"]
[White "Bujnova, Karolina"]
[Black "Stolarova, Paulina"]
[Result "1-0"]
[WhiteElo "1000"]
[BlackElo "1000"]
[PlyCount "135"]
[EventDate "2016.04.16"]
[EventType "swiss"]
[EventRounds "9"]
[EventCountry "SVK"]
[SourceTitle "CBM 172 Extra"]
[Source "ChessBase"]
[SourceDate "2016.06.21"]
[SourceVersion "1"]
[SourceVersionDate "2016.06.21"]
[SourceQuality "1"]

1. e4 e5 2. Nf3 Nc6 3. Nc3 a6 4. Be2 Bc5 5. Bc4 Nf6 6. 0-0 0-0 7. Be2 d6 8. d3 Ng4 9. Bg5 Qe8 10. h3 Nxf2 11. Rxf2 Bxf2+ 12. Kxf2 h6 13. Bh4 Be6 14. Kg1 Nd4 15. Nxd4 exd4 16. Nd5 Rc8 17. Bf2 c6 18. Nf4 c5 19. Nxe6 Qxe6 20. Bg4 Qe8 21. Bxc8 Qxc8 22. c3 Qc6 23. cxd4 c4 24. dxc4 Qxc4 25. Qc1 Rc8 26. Qxc4 Rxc4 27. b3 Rb4 28. Rc1 Kh7 29. e5 dxe5 30. dxe5 a5 31. Rc7 Re4 32. Rxf7 Rxe5 33. Rxb7 Rd5 34. Kf1 Rd2 35. a4 Rb2 36. Ke1 Rb1+ 37. Ke2 Rb2+ 38. Ke3 Kg6 39. Be1 Rb1 40. Bxa5 Rg1 41. Rb6+ Kf7 42. Bc3 Rxg2 43. a5 Rg3+ 44. Kd4 Rxh3 45. a6 Rh1 46. Rb5 Rd1+ 47. Kc4 g5 48. a7 Rd8 49. Ra5 Rc8+ 50. Kb4 Ra8 51. Kb5 g4 52. Kb6 g3 53. Kb7 Re8 54. a8Q Rxa8 55. Kxa8 g2 56. Ra1 Kg6 57. Rg1 Kg5 58. Rxg2+ Kh4 59. Kb7 Kh3 60. Rg8 h5 61. Be1 h4 62. Bxh4 Kxh4 63. Kc6 Kh5 64. Kd6 Kh6 65. Ke6 Kh7 66. Rg1 Kh6 67. Kf5 Kh5 68. Rh1# 1-0

[Event "SVK-ch U10 Girls"]
[Site "Liptovsky Mikulas"]
[Date "2016.04.19"]
[Round "5"]
[White "Nadzamova, Viktoria"]
[Black "Bujnova, Karolina"]
[Result "1-0"]
[WhiteElo "1712"]
[BlackElo "1000"]
[PlyCount "57"]
[EventDate "2016.04.16"]
[EventType "swiss"]
[EventRounds "9"]
[EventCountry "SVK"]
[SourceTitle "CBM 172 Extra"]
[Source "ChessBase"]
[SourceDate "2016.06.21"]
[SourceVersion "1"]
[SourceVersionDate "2016.06.21"]
[SourceQuality "1"]

1. e4 e5 2. Nf3 Nc6 3. Bb5 Nf6 4. d3 Bb4+ 5. c3 Be7 6. Bxc6 dxc6 7. Nxe5 0-0 8. 0-0 Bd6 9. Nf3 Bg4 10. h3 Bh5 11. g4 Bg6 12. e5 Bxe5 13. Nxe5 Bxd3 14. Nxd3 h6 15. Qf3 Qd6 16. Rd1 Qe7 17. Bf4 Nd5 18. Be5 Nf6 19. Nd2 Rad8 20. Nf1 Rd5 21. Ne3 Rb5 22. Nf5 Qe6 23. Nxh6+ gxh6 24. Bxf6 a6 25. Qf4 Re8 26. Qxh6 Qxf6 27. Qxf6 Kf8 28. Re1 Rc8 29. Qh8# 1-0

[Event "SVK-ch U10 Girls"]
[Site "Liptovsky Mikulas"]
[Date "2016.04.18"]
[Round "4"]
[White "Bujnova, Karolina"]
[Black "Kubikova, Nina"]
[Result "1-0"]
[WhiteElo "1000"]
[BlackElo "1000"]
[PlyCount "161"]
[EventDate "2016.04.16"]
[EventType "swiss"]
[EventRounds "9"]
[EventCountry "SVK"]
[SourceTitle "CBM 172 Extra"]
[Source "ChessBase"]
[SourceDate "2016.06.21"]
[SourceVersion "1"]
[SourceVersionDate "2016.06.21"]
[SourceQuality "1"]

1. e4 e5 2. Nf3 Nc6 3. Nc3 Nf6 4. Bb5 Bc5 5. 0-0 d6 6. Bxc6+ bxc6 7. d3 Bg4 8. Bg5 0-0 9. Na4 Bb6 10. Nc3 Qe7 11. h3 Bh5 12. Qe2 Rfe8 13. Be3 Nd7 14. Bg5 Qe6 15. Na4 Qg6 16. Nxb6 axb6 17. Qe3 Re6 18. Nh4 h6 19. Nxg6 Rxg6 20. Bh4 Re8 21. c3 d5 22. exd5 cxd5 23. c4 d4 24. Qe4 Ree6 25. Rfe1 Nc5 26. Qa8+ Kh7 27. Qf8 Bf3 28. g3 Nxd3 29. Rf1 e4 30. Qxf7 Ne5 31. Qf5 e3 32. fxe3 dxe3 33. Rae1 e2 34. Rf2 Bc6 35. Rfxe2 Nf3+ 36. Kf1 Nxh4 37. gxh4 Ref6 38. Qxf6 Rxf6+ 39. Rf2 Rg6 40. Rfe2 Rf6+ 41. Rf2 Rg6 42. Re7 h5 43. Rxc7 Be4 44. Rf4 Bd3+ 45. Ke1 Rg1+ 46. Kd2 Rg3 47. Rff7 Bb1 48. a4 Rd3+ 49. Ke2 Rg3 50. c5 bxc5 51. a5 Bd3+ 52. Kf2 Rg6 53. Ke3 Bc4 54. Rf4 Bb5 55. Rxc5 Ba6 56. Rxh5+ Kg8 57. Rg5 Re6+ 58. Re4 Rh6 59. b4 Bb7 60. Ree5 g6 61. b5 Kh7 62. Re7+ Kh8 63. Rxb7 Rxh4 64. Rxg6 Rxh3+ 65. Kf4 Rh7 66. Rxh7+ Kxh7 67. Rd6 Kg7 68. Kf5 Kh7 69. Kg5 Kg7 70. Rd7+ Kf8 71. Kg6 Ke8 72. Rh7 Kf8 73. Ra7 Ke8 74. Kf6 Kd8 75. Ke6 Kc8 76. Kd6 Kb8 77. Rh7 Kc8 78. Rg7 Kb8 79. Kc6 Ka8 80. Kb6 Kb8 81. Rg8# 1-0

[Event "SVK-ch U10 Girls"]
[Site "Liptovsky Mikulas"]
[Date "2016.04.16"]
[Round "1"]
[White "Bujnova, Karolina"]
[Black "Sevcikova, Lucia"]
[Result "0-1"]
[WhiteElo "1000"]
[BlackElo "1465"]
[PlyCount "76"]
[EventDate "2016.04.16"]
[EventType "swiss"]
[EventRounds "9"]
[EventCountry "SVK"]
[SourceTitle "CBM 172 Extra"]
[Source "ChessBase"]
[SourceDate "2016.06.21"]
[SourceVersion "1"]
[SourceVersionDate "2016.06.21"]
[SourceQuality "1"]

1. e4 e5 2. Nf3 Nc6 3. Bb5 Nf6 4. Nc3 Bc5 5. Bxc6 dxc6 6. d3 Bg4 7. Bg5 0-0 8. 0-0 h6 9. Bd2 Qe7 10. Qe1 Bxf3 11. Be3 Bxe3 12. Qxe3 Bg4 13. Qg3 Rfe8 14. h3 Bd7 15. Ne2 Qb4 16. Rab1 Qd2 17. Nc3 Qxc2 18. Rfc1 Qd2 19. Qe3 Qxe3 20. fxe3 Rad8 21. d4 exd4 22. exd4 Nxe4 23. Nxe4 Rxe4 24. Rd1 Bf5 25. Kf2 Rexd4 26. Re1 Bxb1 27. Rxb1 Rd2+ 28. Ke3 Rxg2 29. Rh1 Rxb2 30. Ra1 Rh2 31. Rc1 Rxh3+ 32. Ke4 Rh4+ 33. Ke3 f5 34. Kf3 Rd3+ 35. Ke2 Ra3 36. Kd2 Rh2+ 37. Kd1 Raxa2 38. Ke1 Rh1# 0-1

[Event "SVK-ch U10 Girls"]
[Site "Tatralandia"]
[Date "2015.04.25"]
[Round "9"]
[White "Kusa, Stela"]
[Black "Bujnova, Karolina"]
[Result "1-0"]
[WhiteElo "1129"]
[BlackElo "1000"]
[PlyCount "105"]
[EventDate "2015.04.18"]
[EventType "swiss"]
[EventRounds "9"]
[EventCountry "SVK"]
[SourceTitle "CBM 166 Extra"]
[Source "ChessBase"]
[SourceDate "2015.06.18"]
[SourceVersion "1"]
[SourceVersionDate "2015.06.18"]
[SourceQuality "1"]

1. e4 e5 2. Nf3 Nc6 3. Bc4 Bc5 4. c3 Nf6 5. d4 Bd6 6. Bg5 0-0 7. 0-0 exd4 8. cxd4 Na5 9. Bb3 Nxb3 10. Qxb3 Be7 11. Nc3 d6 12. Rad1 Bg4 13. h3 Be6 14. d5 Bd7 15. Rfe1 c6 16. Qxb7 Rb8 17. Qxa7 cxd5 18. exd5 Rxb2 19. Ne4 Nxe4 20. Rxe4 Bxg5 21. Nxg5 h6 22. Nf3 Bf5 23. Re7 f6 24. Rxg7+ Kh8 25. Nh4 Qb6 26. Qxb6 Rxb6 27. Nxf5 h5 28. a4 Ra6 29. Ra1 Rg8 30. Rxg8+ Kxg8 31. a5 Kf8 32. Nd4 Ke7 33. Nc2 Kd7 34. Nb4 Ra7 35. a6 Kc7 36. Nc6 Ra8 37. a7 Kb7 38. g4 h4 39. Kg2 Kb6 40. Kf3 Kc5 41. Ke4 Kc4 42. Kf5 Kxd5 43. Ne7+ Kd4 44. Kxf6 Ke4 45. g5 Kf3 46. Kf7 Kxf2 47. g6 Kg2 48. g7 Kxh3 49. g8Q Rxg8 50. Kxg8 Kg2 51. a8Q+ Kg3 52. Rg1+ Kh3 53. Qh1# 1-0

[Event "SVK-ch U10 Girls"]
[Site "Tatralandia"]
[Date "2015.04.24"]
[Round "8"]
[White "Bujnova, Karolina"]
[Black "Obrocnikova, Viktoria"]
[Result "1-0"]
[WhiteElo "1000"]
[BlackElo "1000"]
[PlyCount "133"]
[EventDate "2015.04.18"]
[EventType "swiss"]
[EventRounds "9"]
[EventCountry "SVK"]
[SourceTitle "CBM 166 Extra"]
[Source "ChessBase"]
[SourceDate "2015.06.18"]
[SourceVersion "1"]
[SourceVersionDate "2015.06.18"]
[SourceQuality "1"]

1. e4 e5 2. Nf3 Nc6 3. Bc4 Bc5 4. 0-0 Nf6 5. d3 0-0 6. Bg5 d6 7. h3 h6 8. Be3 Bxe3 9. fxe3 Nh5 10. Kh2 Qf6 11. Qe1 Nd4 12. Nxd4 Qg6 13. Bxf7+ Rxf7 14. Rxf7 Qxf7 15. Nf3 d5 16. Nxe5 Qf6 17. Ng4 Bxg4 18. hxg4 Qe5+ 19. Kg1 Ng3 20. Nd2 h5 21. Nf3 Qd6 22. gxh5 Kf7 23. Kf2 dxe4 24. dxe4 Nxe4+ 25. Ke2 Ng3+ 26. Kf2 Nxh5 27. Ng5+ Kg8 28. Ne4 Rf8+ 29. Ke2 Qa6+ 30. Kd1 Rd8+ 31. Nd2 Qh6 32. Qe2 Qd6 33. g4 Ng3 34. Qd3 c5 35. Qxd6 Rxd6 36. Ke1 Rh6 37. Kf2 Rh3 38. e4 c4 39. e5 c3 40. bxc3 Rh6 41. Kxg3 Re6 42. Rb1 Rxe5 43. Rxb7 Re3+ 44. Kf4 Rxc3 45. Rxa7 Rxc2 46. Ne4 Rc1 47. Ra8+ Kh7 48. a4 Rf1+ 49. Kg3 Re1 50. Nc5 Rg1+ 51. Kf4 Kh6 52. a5 g5+ 53. Kf5 Rf1+ 54. Ke5 Rf4 55. a6 Rxg4 56. a7 Rh4 57. Rb8 g4 58. a8Q Rh5+ 59. Kf4 Rf5+ 60. Kxg4 Rg5+ 61. Kf4 Rg7 62. Rh8+ Rh7 63. Rxh7+ Kxh7 64. Qg2 Kh6 65. Kf5 Kh7 66. Kf6 Kh8 67. Qg7# 1-0